[Event "Jogo do porongo"]
[Site "http://www.queenalice.com/game.php?id=591938"]
[Date "2009.5.22"]
[Round "-"]
[White "Menes"]
[Black "tacgil"]
[Result "0-1"]
[WhiteElo "1541"]
[BlackElo "1376"]

1. c4 e5 2. Nc3 c5 3. Nf3 d6 4. Ne4 Bf5 5. Ng3 g6 6. Nxf5 gxf5 7. d3 Nc6 8. e3
Nf6 9. h3 Nb4 10. Bd2 a5 11. g3 e4 12. Qb3 a4 13. Qc3 exf3 14. e4 fxe4 15. Bg5
Bg7 16. d4 h6 17. dxc5 hxg5 18. Qxb4 dxc5 19. Qxc5 Nd7 20. Qb5 O-O 21. O-O-O Qf6
22. a3 Nc5 23. Kc2 Nb3 24. Qd5 Qxb2# 0-1

[Event "Challenge"]
[Site "http://www.queenalice.com/game.php?id=603500"]
[Date "2009.6.15"]
[Round "-"]
[White "tacgil"]
[Black "andreviegas"]
[Result "0-1"]
[WhiteElo "1564"]
[BlackElo "1867"]

1. e4 e5 2. Qh5 Nf6 3. Qxe5+ Be7 4. Nc3 d6 5. Qg3 Be6 6. Qxg7 Rg8 7. Qh6 Rg6 8.
Qe3 Ng4 9. Qd4 Nc6 10. Qh8+ Bf8 11. Qxh7 Rh6 12. Qg8 Qf6 13. f3 Ne7 14. Qxg4
Bxg4 15. fxg4 Qh4+ 16. g3 Qxg4 17. d3 Rg6 18. Be2 Qe6 19. Nf3 Bh6 20. Nb5 Qd7
21. d4 a6 22. Nc3 Bxc1 23. Rxc1 O-O-O 24. h4 Rxg3 25. e5 dxe5 26. Nxe5 Qxd4 27.
Nxf7 Qd2+ 28. Kf2 Qf4+ 29. Ke1 Qxc1+ 30. Bd1 Qd2+ 31. Kf1 Qg2+ 32. Ke1 Qxh1+ 33.
Ke2 Qh2+ 34. Ke1 Rg1# 0-1

[Event "Let's Play Chess!"]
[Site "http://www.queenalice.com/game.php?id=606757"]
[Date "2009.6.21"]
[Round "-"]
[White "tacgil"]
[Black "Saintsalles"]
[Result "1-0"]
[WhiteElo "1657"]
[BlackElo "1780"]

1. e4 e5 2. c4 c5 3. Nf3 d6 4. Nc3 Bg4 5. h3 Bxf3 6. Qxf3 Nf6 7. g4 h6 8. d3 Nc6
9. Be3 g5 10. O-O-O Bg7 11. Nd5 Nxd5 12. exd5 Nb4 13. a3 Na6 14. d4 cxd4 15. Bd2
Nc5 16. b4 e4 17. Qe2 d3 18. Qe1 Nb3+ 19. Kb1 Be5 20. Qxe4 O-O 21. Bxd3 f5 22.
gxf5 Qf6 23. h4 Rae8 24. hxg5 hxg5 25. f4 Nxd2+ 26. Rxd2 Bxf4 27. Qg2 Bxd2 28.
Qh2 Kf7 29. Qxd2 Ke7 30. c5 dxc5 31. bxc5 Kd8 32. Bb5 Re5 33. c6 Qxf5+ 34. Bd3
Qf7 35. Rf1 Qxf1+ 36. Bxf1 Rf7 37. Bc4 Rc7 38. Qb2 Re1+ 39. Ka2 bxc6 40. dxc6
Rxc6 41. Bb3 Re7 42. Qd2+ Kc7 43. a4 Rc5 44. a5 a6 45. Qb4 Kd6 46. Qb6+ Rc6 47.
Qd8+ Rd7 48. Qxg5 Re7 49. Qd5+ Kc7 50. Qg5 Re2+ 51. Ka3 Re8 52. Qf4+ Rd6 53.
Qf7+ Kd8 54. Ba4 Re3+ 55. Bb3 Rd7 56. Qf6+ Kc8 57. Qxa6+ Rb7 58. Qc4+ Rc7 59.
Qa4 Rb7 60. a6 Ra7 61. Qc4+ Rc7 62. Qd4 Ree7 63. Qb6 Kd8 64. Qd4+ Kc8 65. Ka4
Rc6 66. Kb5 Rec7 67. a7 Kb7 68. Bd5 1-0

[Event "Let's Play Chess!"]
[Site "http://www.queenalice.com/game.php?id=607251"]
[Date "2009.6.23"]
[Round "-"]
[White "dida"]
[Black "tacgil"]
[Result "0-1"]
[WhiteElo "1485"]
[BlackElo "1715"]

1. e4 e5 2. Bc4 Nf6 3. Qf3 c6 4. Ne2 d5 5. exd5 cxd5 6. Bb5+ Bd7 7. Bxd7+ Qxd7
8. h3 e4 9. Qf4 Bd6 10. Qh4 h6 11. Nd4 g5 12. Qg3 Bxg3 13. fxg3 Nc6 14. Nxc6
Qxc6 15. Nc3 O-O 16. d4 Rae8 17. Be3 b5 18. O-O b4 19. Ne2 Qxc2 20. Rxf6 Qxe2
21. b3 Qxe3+ 22. Kh2 Qxd4 23. Raf1 Re6 24. Rxe6 fxe6 25. Rxf8+ Kxf8 26. h4 gxh4
27. gxh4 e3 28. Kg1 e2+ 0-1

[Event "Play now"]
[Site "http://www.queenalice.com/game.php?id=607472"]
[Date "2009.6.23"]
[Round "-"]
[White "tacgil"]
[Black "gmsanti"]
[Result "0-1"]
[WhiteElo "1564"]
[BlackElo "2009"]

1. e4 e5 2. Qh5 Nc6 3. Bc4 g6 4. Qf3 Nf6 5. d3 Bg7 6. Nc3 Nd4 7. Qd1 c6 8. Nf3
d5 9. exd5 cxd5 10. Bb5+ Nxb5 11. Nxb5 Qa5+ 12. Nc3 d4 13. Bd2 dxc3 14. Bxc3 Qd5
15. Bxe5 O-O 16. O-O Bg4 17. c4 Qa5 18. a3 Bxf3 19. Qxf3 Qxe5 20. Qxb7 Rab8 21.
Qxa7 Rxb2 22. Rab1 Ng4 23. g3 Qh5 24. h4 Rd2 25. c5 Nxf2 26. Rxf2 Bd4 27. Qd7
Bxf2+ 28. Kg2 Bxg3+ 29. Kxg3 Qe5+ 30. Kf3 Qe2+ 31. Kf4 Qf2+ 32. Kg5 h6+ 33. Kg4
f5+ 34. Kh3 Qh2# 0-1

[Event "Challenge"]
[Site "http://www.queenalice.com/game.php?id=611684"]
[Date "2009.7.1"]
[Round "-"]
[White "ccjr"]
[Black "tacgil"]
[Result "0-1"]
[WhiteElo "1370"]
[BlackElo "1633"]

1. e4 e5 2. Nf3 d6 3. d4 Nc6 4. d5 Nb4 5. a3 Na6 6. Bb5+ Bd7 7. Nc3 Bxb5 8. Nxb5
Nc5 9. Bg5 f6 10. Bh4 g5 11. Bg3 Nxe4 12. Qe2 f5 13. h3 c6 14. dxc6 bxc6 15. Nc3
Ngf6 16. O-O Qb6 17. Nxe4 Nxe4 18. h4 Nxg3 19. Qe3 Qxe3 20. fxe3 Nxf1 21. Rxf1
gxh4 22. Nxh4 Bh6 23. Nxf5 Bf8 24. Rd1 O-O-O 25. c4 d5 26. cxd5 Rxd5 27. Rc1 e4
28. Rxc6+ Kd7 29. Ra6 Rxf5 30. Rxa7+ Kc6 31. b4 Kb6 32. Rd7 Bh6 33. Rd6+ Kb5 34.
Rxh6 Rg5 35. Rh4 Rhg8 36. Rxe4 Rxg2+ 37. Kf1 Rh2 38. Rd4 h5 39. e4 Rc8 40. Rd1
Rcc2 41. Re1 Rh1# 0-1

[Event "Challenge"]
[Site "http://www.queenalice.com/game.php?id=613210"]
[Date "2009.7.4"]
[Round "-"]
[White "Menes"]
[Black "tacgil"]
[Result "1-0"]
[WhiteElo "1434"]
[BlackElo "1732"]

1. d4 d5 2. c4 dxc4 3. Nf3 b5 4. d5 Nf6 5. Nc3 c6 6. dxc6 Nxc6 7. Qxd8+ Nxd8 8.
Nxb5 Ne6 9. e3 a6 10. Nc3 Nc5 11. Bxc4 e6 12. h3 Nfe4 13. Nxe4 Nxe4 14. Bd3 f5
15. O-O Nc5 16. Ne5 Bd6 17. Nc4 Bc7 18. f4 Nxd3 19. Rd1 Nb4 20. Bd2 a5 21. Na3
O-O 22. Rac1 Bb6 23. Nc4 Nd5 24. Nxb6 Nxb6 25. b4 axb4 26. Bxb4 Re8 27. a3 Bb7
28. Rd6 Nc4 29. Rxc4 e5 30. Rc7 Ba6 31. Rdd7 exf4 32. Rxg7+ Kh8 33. Rxh7+ 1-0

[Event "Challenge"]
[Site "http://www.queenalice.com/game.php?id=618619"]
[Date "2009.7.14"]
[Round "-"]
[White "tacgil"]
[Black "Fernando_cun"]
[Result "1-0"]
[WhiteElo "1545"]
[BlackElo "1676"]

1. e4 e5 2. Qh5 d6 3. Bc4 Qf6 4. d3 Be6 5. Bg5 Qg6 6. Qh4 Bxc4 7. dxc4 Nc6 8.
Be3 Nf6 9. Nc3 Nd4 10. O-O-O Qxg2 11. Nge2 Nxe2+ 12. Nxe2 Nxe4 13. Rhg1 Qf3 14.
Ng3 Be7 15. Qxe4 Qxe4 16. Nxe4 g6 17. b4 a5 18. b5 a4 19. c5 dxc5 20. Bxc5 Bxc5
21. Nxc5 O-O 22. Nxb7 Rab8 23. Nc5 Rxb5 24. Nxa4 Rfb8 25. Nc3 f5 26. Nxb5 Rxb5
27. Rd7 Ra5 28. Rgd1 Rxa2 29. R1d5 Ra1+ 30. Kd2 Ra8 31. Rxe5 Rf8 32. Rxc7 Rd8+
33. Kc1 Kf8 34. Ree7 Re8 35. Rxh7 Kg8 36. Rcg7+ Kf8 37. Rxg6 Re2 38. c4 Rxf2 39.
Rf6+ Kg8 40. Rhf7 Rxh2 41. Rxf5 Rh1+ 42. Kc2 Rh4 43. c5 Re4 44. R7f6 Kg7 45. c6
Re7 46. Rf2 1-0

[Event "Challenge"]
[Site "http://www.queenalice.com/game.php?id=629729"]
[Date "2009.8.3"]
[Round "-"]
[White "tacgil"]
[Black "zenasj"]
[Result "1-0"]
[WhiteElo "1653"]
[BlackElo "1282"]

1. e4 Nf6 2. Nc3 g5 3. h3 d6 4. d4 a5 5. Nf3 Bh6 6. e5 Ng8 7. exd6 Qxd6 8. Nb5
Qb4+ 9. c3 Qxb5 10. Bxb5+ Kd8 11. Ne5 f6 12. Nf7# 1-0

[Event "Melhor de 3!!"]
[Site "http://www.queenalice.com/game.php?id=630794"]
[Date "2009.8.4"]
[Round "-"]
[White "andreviegas"]
[Black "tacgil"]
[Result "1-0"]
[WhiteElo "1783"]
[BlackElo "1628"]

1. e4 e5 2. Nf3 d6 3. d3 c5 4. c4 Nc6 5. Bd2 Bg4 6. Be2 Nf6 7. h3 Bxf3 8. Bxf3
Nd4 9. Bc3 h5 10. Bxd4 cxd4 11. Qa4+ Qd7 12. b3 a6 13. Qxd7+ Nxd7 14. b4 b5 15.
Nd2 Nb6 16. Bd1 g6 17. cxb5 axb5 18. Bb3 O-O-O 19. Bxf7 g5 20. a4 Nxa4 21. O-O
Nc3 22. Ra8+ Kc7 23. Rxd8 Kxd8 24. Ra1 Rh7 25. Ra8+ Ke7 26. Bg8 Rg7 27. Be6 Kxe6
28. Rxf8 d5 29. exd5+ Kxd5 30. Kf1 Na2 31. Rb8 Kc6 32. Nf3 Nxb4 33. Nxe5+ Kc5
34. g4 hxg4 35. hxg4 Kd6 36. Rxb5 Nc6 37. Nc4+ Kc7 38. Na5 Rh7 39. Rb7+ Kc8 40.
Rxh7 Nxa5 41. Rh5 1-0

[Event "Viva el AJEDREZ"]
[Site "http://www.queenalice.com/game.php?id=642238"]
[Date "2009.8.25"]
[Round "-"]
[White "gmsanti"]
[Black "tacgil"]
[Result "1-0"]
[WhiteElo "2182"]
[BlackElo "1732"]

1. Nf3 d6 2. c4 e5 3. Nc3 Nf6 4. d3 c5 5. e3 Nc6 6. Be2 Bg4 7. O-O Bxf3 8. Bxf3
h5 9. d4 cxd4 10. exd4 exd4 11. Nb5 Qb6 12. b3 a6 13. Na3 O-O-O 14. Nc2 d5 15.
Bf4 dxc4 16. bxc4 d3 17. Ne3 Bd6 18. Rb1 Qd4 19. Qb3 Na5 20. Bxb7+ Kc7 21. Bxd6+
Qxd6 22. Qb2 Rb8 23. c5 Qd7 24. Qb6# 1-0

[Event "Let's Play Chess!"]
[Site "http://www.queenalice.com/game.php?id=642309"]
[Date "2009.8.25"]
[Round "-"]
[White "spin"]
[Black "tacgil"]
[Result "1-0"]
[WhiteElo "1741"]
[BlackElo "1610"]

1. e4 e5 2. Qh5 Nc6 3. Bb5 g6 4. Qf3 Nd4 5. Qd3 a6 6. c3 Nxb5 7. Nf3 h5 8. Nxe5
Bd6 9. Nc4 Nf6 10. O-O O-O 11. a4 Na7 12. e5 b5 13. Nxd6 cxd6 14. exf6 Qxf6 15.
axb5 axb5 16. b4 Bb7 17. Qh3 Nc6 18. Qxd7 Rxa1 19. Qxb7 Nd8 20. Qxb5 Rxb1 21.
Qa5 Ne6 22. Qa2 Qf5 23. g3 1-0

[Event "Let's Play Chess!"]
[Site "http://www.queenalice.com/game.php?id=642489"]
[Date "2009.8.26"]
[Round "-"]
[White "HuGeRoOsTeR"]
[Black "tacgil"]
[Result "1-0"]
[WhiteElo "1475"]
[BlackElo "1674"]

1. e4 e5 2. d4 Nc6 3. Nf3 f6 4. Bc4 Bd6 5. O-O Nge7 6. d5 Nb4 7. Bd2 a5 8. a3
Na6 9. Bxa5 Nc5 10. Qd2 Nxe4 11. Qe1 f5 12. Nc3 Nxc3 13. Qxc3 O-O 14. Rae1 e4
15. Ng5 Ng6 16. Nxe4 fxe4 17. Rxe4 Be5 18. Rxe5 Nxe5 19. Qxe5 d6 20. Qe1 b6 21.
Bb4 Ba6 22. Bxa6 Rxa6 23. c4 Re8 24. Qc3 c5 25. b3 cxb4 26. axb4 Ra2 27. c5 bxc5
28. bxc5 dxc5 29. Qxc5 Qa8 30. d6 Ra1 31. d7 Ree1 32. h3 Rxf1+ 33. Kh2 Qb8+ 34.
g3 Rac1 35. Qd5+ 1-0

[Event "Challenge"]
[Site "http://www.queenalice.com/game.php?id=642600"]
[Date "2009.8.26"]
[Round "-"]
[White "Saintsalles"]
[Black "tacgil"]
[Result "1-0"]
[WhiteElo "1693"]
[BlackElo "1601"]

1. e4 e5 2. Bc4 Nf6 3. d3 c6 4. a3 b5 5. Bb3 d5 6. h3 dxe4 7. Bg5 Nbd7 8. Nc3 h6
9. Be3 Bc5 10. Bxc5 Nxc5 11. Ba2 exd3 12. Nf3 e4 13. Ne5 Be6 14. Bxe6 Nxe6 15.
cxd3 exd3 16. O-O Qd6 17. Nxd3 O-O 18. Nb4 Rad8 19. Qxd6 Rxd6 20. a4 a5 21. Nc2
b4 22. Nd1 Ne4 23. Re1 f5 24. Nde3 b3 25. Na3 f4 26. Nec4 Rd5 27. Rxe4 Ng5 28.
Re5 f3 29. Rxd5 cxd5 30. Nxa5 fxg2 31. Kxg2 Ne4 32. f3 Ng5 33. Rf1 d4 34. Nxb3
d3 35. Nd2 h5 36. f4 Ne6 37. f5 Nc5 38. a5 g6 39. f6 g5 40. Rf5 Ne6 41. Kf2 g4
42. hxg4 hxg4 43. Kg3 Ng7 44. Rf1 Nh5+ 45. Kxg4 Nxf6+ 46. Kg5 Nh7+ 47. Kh4 Rxf1
48. Nxf1 Nf6 49. a6 Ne4 50. Nb1 1-0

[Event "Challenge"]
[Site "http://www.queenalice.com/game.php?id=642601"]
[Date "2009.8.26"]
[Round "-"]
[White "tacgil"]
[Black "Saintsalles"]
[Result "1-0"]
[WhiteElo "1592"]
[BlackElo "1714"]

1. e4 e5 2. Nf3 d6 3. c4 c5 4. Nc3 Bg4 5. h3 Bxf3 6. Qxf3 Nf6 7. g4 Nc6 8. Nb5
a6 9. g5 Ng8 10. Nc3 Nd4 11. Qd1 Qxg5 12. d3 Qd8 13. Be3 Be7 14. Bxd4 cxd4 15.
Nd5 Bg5 16. b4 Bh4 17. Bg2 Nf6 18. O-O Nxd5 19. cxd5 Qg5 20. a4 O-O 21. Rc1 f5
22. exf5 Rxf5 23. f3 Bg3 24. Rc7 Qe3+ 25. Kh1 Rf7 26. Rxf7 Kxf7 27. Qc2 Qg5 28.
b5 Qd8 29. bxa6 Rxa6 30. Rb1 Qd7 31. Rb4 Ra5 32. Kg1 Rc5 33. Rc4 b6 34. Bf1 Qxh3
35. Bxh3 h5 36. Rxc5 dxc5 37. Qb2 g5 38. Qxb6 g4 39. fxg4 hxg4 40. Bxg4 e4 41.
dxe4 1-0

[Event "Foi foi foi!"]
[Site "http://www.queenalice.com/game.php?id=657128"]
[Date "2009.9.24"]
[Round "-"]
[White "Menes"]
[Black "tacgil"]
[Result "1-0"]
[WhiteElo "1623"]
[BlackElo "1625"]

1. e4 e5 2. Nf3 d6 3. d4 f6 4. d5 g5 5. c4 g4 6. Nh4 c6 7. Nf5 h5 8. Nc3 cxd5 9.
Nxd5 Bxf5 10. exf5 Ne7 11. Nxf6+ Kf7 12. Ne4 Nxf5 13. c5 d5 14. Bc4 Nd4 15. Ng5+
Ke8 16. Ne6 Nxe6 17. Bxd5 Nxc5 18. Bf7+ Ke7 19. Bg5+ Kxf7 20. Qxd8 Rg8 21. Qf6+
1-0

[Event "Challenge"]
[Site "http://www.queenalice.com/game.php?id=673230"]
[Date "2009.10.27"]
[Round "-"]
[White "tacgil"]
[Black "Saintsalles"]
[Result "0-1"]
[WhiteElo "1559"]
[BlackElo "1829"]

1. e4 e5 2. Qh5 Qf6 3. Nc3 c6 4. h4 g6 5. Qg4 h5 6. Qe2 Be7 7. d3 Qd6 8. Nf3 Nf6
9. Be3 Ng4 10. d4 Nxe3 11. fxe3 f6 12. O-O-O Qb4 13. a3 Qb6 14. b4 a5 15. d5
axb4 16. d6 Bd8 17. axb4 Qxb4 18. Qd3 Ra1+ 19. Kd2 Rxd1+ 20. Kxd1 c5 21. Nd5
Qb1+ 22. Ke2 b5 23. Nd2 Qa2 24. Nc7+ Kf7 25. Nxb5 Ba6 26. c4 Nc6 27. Nc3 Qb2 28.
Nd1 Qa2 29. Kf2 Nb4 30. Qc3 Ba5 31. Nb2 Nc6 32. Qb3 Qa1 33. Nf3 Rb8 34. Qd1
Qxb2+ 35. Kg1 Nb4 36. g3 Qc3 37. Bh3 Qxe3+ 38. Kg2 Nd3 39. Rf1 Rb2+ 40. Kh1 Nf2+
0-1

[Event "Challenge"]
[Site "http://www.queenalice.com/game.php?id=678136"]
[Date "2009.11.5"]
[Round "-"]
[White "tacgil"]
[Black "andreviegas"]
[Result "0-1"]
[WhiteElo "1571"]
[BlackElo "1723"]

1. e4 e5 2. Nf3 d6 3. c4 c6 4. b4 a6 5. d3 Nd7 6. Be3 h6 7. d4 exd4 8. Bxd4 f6
9. Nc3 b5 10. cxb5 axb5 11. a4 Ba6 12. axb5 cxb5 13. Bxb5 Bxb5 14. Rxa8 Qxa8 15.
Nxb5 Qxe4+ 16. Kf1 d5 17. Nc7+ Kd8 18. Na6 Bd6 19. Qc1 Qd3+ 20. Kg1 Qxa6 21. Bc5
Nxc5 22. bxc5 Bxc5 23. Qxc5 Qa1+ 0-1